| 000 | 00397nam a2200157Ia 4500 | ||
|---|---|---|---|
| 003 | GCL | ||
| 008 | 140319s9999 xx 000 0 ara d | ||
| 040 |
_aGCL / _cGCL |
||
| 082 | 0 | 4 |
_aد _b050 |
| 100 | 1 | _aجاد طه | |
| 245 | 1 | 0 |
_aالمانيا الى اين المصير (اقرا 557 ) / _cجاد طه |
| 300 | _a127 | ||
| 490 |
_aاقرأ _v0 |
||
| 650 | 0 | 4 | _aالمانيا |
| 942 |
_2ddc _cBK |
||
| 999 |
_c48570 _d48570 |
||